000 02667nam0a2200361 4500
001 RU\NLR\BIBL_A\022133264
005 20240311134729.0
010 _a978-5-9239-1064-3
_928
021 _aRU
_bКН-П-23-082511
_9КН-П-23-8369
035 _a(NLR Aleph) 022133264
035 _a(RuMoRGB)012463023
090 _a12841916
_c12841916
100 _a20240209d2023 u y0rusy50 ca
101 0 _arus
102 _aRU
105 _aа|||j|||000yy
181 0 _ai3
_baxxe
182 0 _an
200 1 _aМониторинг лесных земель
_eучебное пособие
_eдля студентов направления подготовки бакалавриата 35.03.01 "Лесное дело" всех форм обучения
_fА. В. Манов, И. Н. Кутявин
_gМинистерство науки и высшего образования Российской Федерации, Сыктывкарский лесной институт (филиал) Федерального государственного бюджетного образовательного учреждения высшего образования "Санкт-Петербургский государственный лесотехнический университет имени С. М. Кирова" (СЛИ)
203 _aТекст
_bвизуальный
_cнепосредственный
210 _aСыктывкар
_cСыктывкарский лесной институт (филиал) Федерального государственного бюджетного образовательного учреждения высшего образования "Санкт-Петербургский государственный лесотехнический университет имени С. М. Кирова" (СЛИ)
_d2023
215 _a52 с.
_cил., табл.
_d21
300 _aНа обороте тит. с. авт.: Манов А. В., Кутявин И. Н., кандидаты сел.-хоз. наук
320 _aБиблиогр.: с. 52 (6 назв.) и в подстроч. примеч.
606 1 _aЛесные земли
_jУчебные издания для высших учебных заведений
_xМониторинг
_92292608
_3RU\NLR\AUTH\6601600296
675 _a630.18(075.8)
_v4
686 1 _aП361я73
700 1 _aМанов
_bА. В.
_gАлексей Валерьевич
701 1 _aКутявин
_bИ. Н.
_gИван Николаевич
942 _cBOOK
980 _aNB